| 000 | 00507cam a2200193 4500 | ||
|---|---|---|---|
| 001 | D8424 | ||
| 008 | 090401t1962 xxu||||| |||| 00| 0 eng d | ||
| 035 | _a(Sirsi) u12926 | ||
| 041 | _aeng | ||
| 050 | _a692.3095125 | ||
| 110 |
_aRoyal Institution of Chartered Surveyors _94900 |
||
| 245 | _aStandard method of measurement of building works for use in Hong Kong | ||
| 260 |
_bRICS _c1962 |
||
| 300 | _a35p. 31cm | ||
| 350 | _a0 | ||
| 520 | _aFiled at SMM 1962/2B | ||
| 942 | _n0 | ||
| 948 | _c04/03/1997 | ||
| 999 |
_c87043 _d87043 |
||